01218nam a2200337 i 4500001001000000003000900010005001700019008004100036020002700077040004500104082002000149100003200169240004000201245006100241250001900302250003300321264003100354300002800385336002600413337002800439338002700467500005000494504005100544650003400595653001700629655001700646776003500663942001200698999001700710952015300727019114797EG-ScBUE20230515123843.0180903s2019 enk f b 001 0 eng d a9781408711057 (pbk.) : aStDuBDSbengerdacStDuBDSdUkdEG-ScBUE04a001.42222bDAW1 aDawson, Catherine,eauthor.10aPractical guide to research methods10aIntroduction to research methods /cDr Catherine Dawson. aFifth edition. aRevised and updated edition. 1aLondon :bRobinson,c2019. axii, 146 pages ;c24 cm atext2rdacontentbtxt aunmediated2rdamediabn avolume2rdacarrierbnc aPrevious edition: Oxford: How To Books, 2009. aIncludes bibliographical references and index. 7aResearchxMethodology.2BUEsh bARTcMay2023 vReading book08iebook version :z9781408711040 2ddccBB c30389d30360 00102ddc40708BaccahaMAINbMAINcLOWd2023-05-15ePurchaseg576.00h37380l0o001.42 DAWp000056666r2025-07-15 00:00:00v720.00w2023-05-15yBB